<?xml version="1.0" encoding="UTF-8"?><marc:collection xmlns:marc="http://www.loc.gov/MARC21/slim">
  <marc:record>
    <marc:leader>00000nam##2200000za#4500</marc:leader>
    <marc:controlfield tag="001">9.638254</marc:controlfield>
    <marc:controlfield tag="003">CaOODSP</marc:controlfield>
    <marc:controlfield tag="005">20240209132622</marc:controlfield>
    <marc:controlfield tag="007">cr |||||||||||</marc:controlfield>
    <marc:controlfield tag="008">150407|2003||||xxc|||||o    f|0| 0 fre|d</marc:controlfield>
    <marc:datafield tag="040" ind1=" " ind2=" ">
      <marc:subfield code="a">CaOODSP</marc:subfield>
      <marc:subfield code="b">fre</marc:subfield>
    </marc:datafield>
    <marc:datafield tag="043" ind1=" " ind2=" ">
      <marc:subfield code="a">n-cn---</marc:subfield>
    </marc:datafield>
    <marc:datafield tag="086" ind1="1" ind2=" ">
      <marc:subfield code="a">AC5-6/2003F-PDF</marc:subfield>
    </marc:datafield>
    <marc:datafield tag="110" ind1="2" ind2=" ">
      <marc:subfield code="a">Agence de promotion économique du Canada atlantique.</marc:subfield>
    </marc:datafield>
    <marc:datafield tag="245" ind1="1" ind2="0">
      <marc:subfield code="a">Profil des sociétés étrangères au Canada atlantique / </marc:subfield>
      <marc:subfield code="h">[ressource électronique]</marc:subfield>
      <marc:subfield code="c">[publié par] le Conseil économique des provinces de l'Atlantique. </marc:subfield>
    </marc:datafield>
    <marc:datafield tag="260" ind1=" " ind2=" ">
      <marc:subfield code="a">Moncton - Nouveau-Brunswick : </marc:subfield>
      <marc:subfield code="b">Agence de promotion économique du Canada atlantique </marc:subfield>
      <marc:subfield code="c">Mars 2003.</marc:subfield>
    </marc:datafield>
    <marc:datafield tag="300" ind1=" " ind2=" ">
      <marc:subfield code="a">41p.</marc:subfield>
      <marc:subfield code="b">carte en couleur, glossaire, graphiques, tableaux</marc:subfield>
    </marc:datafield>
    <marc:datafield tag="500" ind1=" " ind2=" ">
      <marc:subfield code="a">«L’Agence de promotion économique du Canada atlantique (APECA) a appuyé financièrement la recherche par l’intermédiaire de la Mesure de recherche stratégique visant la région de l'Atlantique (MRSRA).»--Page 4 sur 41.</marc:subfield>
    </marc:datafield>
    <marc:datafield tag="590" ind1=" " ind2=" ">
      <marc:subfield code="a">10-15-Supp</marc:subfield>
      <marc:subfield code="b">2010-12-10</marc:subfield>
    </marc:datafield>
    <marc:datafield tag="691" ind1="0" ind2="7">
      <marc:subfield code="a">Investissement étranger</marc:subfield>
      <marc:subfield code="2">gcpds</marc:subfield>
    </marc:datafield>
    <marc:datafield tag="775" ind1="0" ind2="8">
      <marc:subfield code="t">A profile of foreign firms in Atlantic Canada / </marc:subfield>
      <marc:subfield code="w">(CaOODSP)9.694054</marc:subfield>
    </marc:datafield>
    <marc:datafield tag="856" ind1="4" ind2="0">
      <marc:subfield code="a">http://publications.gc.ca</marc:subfield>
      <marc:subfield code="q">PDF</marc:subfield>
      <marc:subfield code="s">283 Ko</marc:subfield>
      <marc:subfield code="u">https://publications.gc.ca/collections/collection_2010/apeca-acoa/AC5-6-2003-fra.pdf</marc:subfield>
    </marc:datafield>
  </marc:record>
</marc:collection>
